000 005900000a22002050004500
003 LK-CoMWRAF
005 20231127142800.0
008 230817t2001 ||||| |||| 00| 0 eng d
020 _a1853395358
040 _aLK-CoMWRAF
_dLK-CoMWRAF
_eLK-CoMWRAF
041 _aeng
082 _a361.74
_bWIL
100 _aWilson, Elizabeth Westman
245 _aBuilding fundraising programs to attract community support
260 _aLondon:
_bITDG publishing,
_c2001
300 _av, 279 p.
_bBibliography included
490 _aFundraising Close To Home
_v3
650 _aFUNDRAISING
942 _cBK
999 _c451
_d451